| 000 -LEADER |
| fixed length control field |
00457cam a22001097a 4500 |
| 008 - FIXED-LENGTH DATA ELEMENTS--GENERAL INFORMATION |
| fixed length control field |
180718bn.d. xxu||||| |||| 00| 0 eng d |
| 082 ## - DEWEY DECIMAL CLASSIFICATION NUMBER |
| Classification number |
B811x71 C16c/45/PINC |
| 100 ## - MAIN ENTRY--PERSONAL NAME |
| Personal name |
Canada. Cabinet Committee on Domionon-Provincial Reations |
| 245 ## - TITLE STATEMENT |
| Title |
Public investment and capital formation: a study of public and private investment qutlay, Cancad 1926-1941, Domninion-Provincial conference on Reconstruction |
| 260 ## - PUBLICATION, DISTRIBUTION, ETC. |
| Place of publication, distribution, etc. |
Ottawa |
| Name of publisher, distributor, etc. |
The author |
| Date of publication, distribution, etc. |
n.d. |
| 300 ## - PHYSICAL DESCRIPTION |
| Extent |
128p. |